How many harry potter characters can you name ? ( expert version ) - Statistics

General Stats
  • This quiz has been taken 1,401 times
  • The average score is 66 of 149
Answer Stats
Hint Answers % Correct
Gryffindor Potter
95%
Weasley
95%
Granger
93%
Malfoy
88%
Dumbledore
83%
Snape
83%
Longbottom
82%
Goyle
79%
Lovegood
79%
Thomas
79%
Crabbe
78%
Chang
77%
Lupin
77%
Teachers Mcgonagall
77%
Hufflepuff Diggory
75%
Finnigan
75%
Patil
73%
Flitwick
71%
Hedwig
71%
Umbridge
71%
Hagrid
70%
Lestrange
70%
Black
69%
Lockhart
68%
Parkinson
68%
Brown
67%
Sprout
67%
Wood
67%
Bell
65%
Fudge
65%
Moody
64%
Creatures /pets Crookshanks
62%
Quirrell
62%
Johnson
61%
Trelawney
61%
Slughorn
60%
Creevey
59%
Dobby
59%
Quidditch hp 4 Krum
57%
Pettigrew
57%
Crouch
56%
Zabini
56%
Bones
55%
Abbott
54%
Jordan
54%
Buckbeak
53%
Carrow
52%
Fang
51%
Spinnet
51%
Tonks
51%
Firenze
50%
Kreacher
50%
Fluffy
49%
Hooch
48%
Mclaggen
47%
Scabbers
47%
Winky
47%
Aragog
46%
Binns
46%
Flint
46%
Errol
45%
Pigwidgeon
45%
Smith
45%
Shacklebolt
43%
Scrimgeour
42%
Bulstrode
41%
Norbert
41%
Finchfletchley
40%
Greyback
40%
Yaxley
40%
Dolohov
39%
Trevor
39%
| Deatheaters Nott
38%
Boot
37%
Nagini
37%
Sinistra
37%
Ravenclaw Corner
36%
Grubblyplank
36%
Vane
36%
Fawkes
35%
Hermes
35%
Clearwater
34%
Karkaroff
34%
Burbage
33%
Bagman
32%
Bane
31%
Edgecombe
31%
Vector
31%
Cattermole
30%
Mrsnorris
30%
Griphook
29%
Rookwood
29%
Thicknesse
29%
Grawp
28%
Davies
27%
Goldstein
27%
Hokey
27%
Hopkirk
27%
Avery
26%
Belby
25%
Macnair
25%
Robins
25%
Runcorn
25%
Arnold
24%
Ronan
24%
Rosier
23%
Peakes
22%
Kettleburn
21%
Rowle
21%
Coote
20%
Magorian
20%
Montague
20%
Pucey
20%
Sloper
18%
Travers
18%
Babbling
17%
Dawlish
17%
Troy
17%
Macmilan
16%
Moran
16%
Slytherin Warrington
16%
Kirke
15%
Twycross
15%
Leanne
14%
Selwyn
14%
Ministry of magic Marchbanks
13%
Binky
12%
Jugson
12%
Mullet
12%
Mosag
11%
Wilkes
9%
Higgs
8%
Migden
5%
Turpin
5%
Ivanova
4%
Levski
4%
Dimitrov
3%
Tenebrus
3%
No matching quizzes found
Score Distribution
Percent of People with Each Score
Percentile by Number Answered
Your Score History
You have not taken this quiz